Medical records organization and management (Record no. 525)
[ view plain ]
| 000 -LEADER | |
|---|---|
| Fixed length control field | 00546nam a2200193 4500 |
| 003 - CONTROL NUMBER IDENTIFIER | |
| Control field | SEACOMMC |
| 005 - DATE AND TIME OF LATEST TRANSACTION | |
| Control field | 20240420133450.0 |
| 008 - FIXED-LENGTH DATA ELEMENTS--GENERAL INFORMATION | |
| Fixed length control field | 240420b |||||||| |||| 00| 0 eng d |
| 020 ## - INTERNATIONAL STANDARD BOOK NUMBER / ISBN | |
| International Standard Book Number | 978 93 85891 82 3 |
| Price | Rs.995.00 |
| 040 ## - CATALOGING SOURCE | |
| Original cataloging agency | SEACOMMC |
| 082 ## - DEWEY DECIMAL CLASSIFICATION NUMBER | |
| Classification number | 651.504621 |
| Book Number | M696 |
| 100 ## - MAIN ENTRY--PERSONAL NAME | |
| Personal name | Mogli, G. D |
| 245 ## - TITLE STATEMENT | |
| Title | Medical records organization and management |
| Statement of responsibility | G. D Mogli, |
| 250 ## - EDITION STATEMENT | |
| Edition statement | 2nd ed |
| 260 ## - IMPRINT | |
| Place of publication | New Delhi |
| Name of publisher | Jaypee Brothers Medical Publishers |
| Date of publication | 2001 |
| 300 ## - PHYSICAL DESCRIPTION | |
| Page / Vol. No | viii, 404p. 23 cm |
| 650 ## - SUBJECT ADDED ENTRY--TOPICAL TERM | |
| Topical term | HOSPITAL MANAGEMENT |
| 942 ## - ADDED ENTRY ELEMENTS (KOHA) | |
| Koha item type | Books |
| Withdrawn status | Lost status | Source of classification | Damaged status | Not for loan | Home library | Current library | Date acquired | Total Checkouts | Call number | Accession number | Date last seen | Price effective from | Koha item type | Copy number |
|---|---|---|---|---|---|---|---|---|---|---|---|---|---|---|
| Dewey Decimal Classification | SEACOM MANAGEMENT COLLEGE | SEACOM MANAGEMENT COLLEGE | 20/04/2024 | 651.504621 M696 | M3172 | 20/04/2024 | 20/04/2024 | Reference Books | ||||||
| Dewey Decimal Classification | SEACOM MANAGEMENT COLLEGE | SEACOM MANAGEMENT COLLEGE | 20/04/2024 | 651.504621 M696 | M3173 | 20/04/2024 | 20/04/2024 | Books | 1 | |||||
| Dewey Decimal Classification | SEACOM MANAGEMENT COLLEGE | SEACOM MANAGEMENT COLLEGE | 20/04/2024 | 651.504621 M696 | M3174 | 20/04/2024 | 20/04/2024 | Books | 2 |
